Alphabet Puzzle: Last Letters - Statistics

General Stats
  • This quiz has been taken 1,181 times
  • The average score is 18 of 26
Answer Stats
Hint Answer % Correct
J ___ Mahal Taj
97%
H Popeye's vegetable Spinach
87%
A Laughing animal Hyena
86%
O Malaria-carrying bug Mosquito
86%
X Bird born from ashes Phoenix
85%
D King Arthur's Excalibur Sword
83%
Y The Milky Way Galaxy
81%
P Chess piece Bishop
79%
B Bread fragment Crumb
78%
I New Zealander Kiwi
77%
K Illegally seize a plane Hijack
76%
T With child Pregnant
76%
M Child's angry outburst Tantrum
76%
N An answer answers it Question
75%
S Scottish national dish Haggis
72%
Z Ballroom dance Waltz
71%
C Swiss currency Franc
69%
R Bambi's rabbit friend Thumper
66%
Q Middle-East country Iraq
65%
W Day that never comes? Tomorrow
65%
F Deceive in poker Bluff
64%
L Dog house Kennel
59%
U French castle Chateau
53%
G Small, spiny mammal Hedgehog
50%
V Flaming cocktail? Molotov
33%
E 007's 1995 outing Goldeneye
23%
No matching quizzes found
Score Distribution
Percent of People with Each Score
Percentile by Number Answered
Your Score History
You have not taken this quiz